[Event "It"]
[Site "Dos Hermanas ESP"]
[Date "1996.05.21"]
[Round "1"]
[White "Illescas Cordoba,M"]
[Black "Gelfand,B"]
[Result "1/2-1/2"]
[WhiteElo "2635"]
[BlackElo "2700"]

1. Nf3 d5 2. d4 Nf6 3. c4 c6 4. Nc3 dxc4 5. a4 Bf5 6. Ne5 e6 7. f3 c5 8. e4
Nc6 9. Nxc6 bxc6 10. exf5 cxd4 11. fxe6 fxe6 12. Bxc4 dxc3 13. Qxd8+ Kxd8
14. bxc3 Nd5 15. Kd2 Bd6 16. Kc2 Kd7 17. Bd2 Rhf8 18. Rab1 Rab8 19. Rxb8
Rxb8 20. g3 Ba3 21. Rb1 Rxb1 22. Kxb1 Bc5 23. Bd3 h6 24. c4 Bb4 25. cxd5
1/2-1/2

[Event "It"]
[Site "Dos Hermanas ESP"]
[Date "1996.06.01"]
[Round "9"]
[White "Topalov, V"]
[Black "Illescas Cordoba, M"]
[Result "1/2-1/2"]
[WhiteElo "2700"]
[BlackElo "2635"]

1. e4 c5 2. Nf3 Nc6 3. d4 cxd4 4. Nxd4 Nf6 5. Nc3 e5 6. Ndb5 d6 7. Bg5 a6 8.
Na3 b5 9. Bxf6 gxf6 10. Nd5 Bg7 11. c3 f5 12. exf5 Bxf5 13. Nc2 O-O 14. Nce3
Be6 15. Bd3 f5 16. Bc2 f4 {0.03} 17. Qh5 {0.21} Rf7 18. Bxh7+ Kf8 19. Bf5 
{0.51} Qe8 {0.04} 20. Bxe6 {0.51} Qxe6 {0.04} 21. Qg4 {0.52} Qh6 {0.05} 22. Nf5 
{1.04} Qe6 {0.05} 23. Nfe3 {1.05} Qh6 {0.08} 24. Nf5 Qe6 25. Nfe3 
{Times: 1.10/0.08} 1/2-1/2